|
|
|
|
| LEADER |
01307cam a2200325 a 4500 |
| 001 |
c000286246 |
| 003 |
CARM |
| 005 |
20080826152340.0 |
| 008 |
810121s1980 vraab b s000 0 eng d |
| 019 |
1 |
|
|a 1898841
|z 23072042
|z 23917228
|5 LACONCORD2021
|
| 020 |
|
|
|a 0724191208 :
|c $6.00 Aust
|
| 035 |
|
|
|a (OCoLC)8305418
|5 LACONCORD2021
|
| 040 |
|
|
|a ANB
|b eng
|c ANB
|d ABN-SNR
|
| 042 |
|
|
|a anuc
|
| 043 |
|
|
|a u-at-vi
|
| 082 |
1 |
4 |
|a 333.73/13/099457
|2 19
|
| 245 |
0 |
0 |
|a Report on the Ballarat area /
|c Land Conservation Council, Victoria.
|
| 246 |
3 |
|
|a Ballarat area
|
| 260 |
|
|
|a Melbourne :
|b Land Conservation Council, Victoria,
|c 1980.
|
| 300 |
|
|
|a x, 302 p., 3 leaves of maps (2 col.) :
|b ill., maps ;
|c 21 x 28 cm.
|
| 500 |
|
|
|a Cover title : Ballarat area.
|
| 500 |
|
|
|a Nine col. maps in pocket.
|
| 504 |
|
|
|a Includes bibliographical references.
|
| 650 |
|
0 |
|a Land use
|z Victoria
|z Ballarat Region.
|
| 650 |
|
0 |
|a Nature conservation
|z Victoria
|z Ballarat Region.
|
| 651 |
|
0 |
|a Public lands
|z Victoria
|z Ballarat Region.
|
| 710 |
2 |
|
|a Land Conservation Council, Victoria
|
| 852 |
8 |
|
|b CARM
|h A3:AR12E0
|i E02358
|p 0494022
|f BK
|
| 999 |
f |
f |
|i 98d6b252-f70b-5616-8fc7-299742012ea2
|s 0294cbc2-858b-5e98-9456-178fdded2648
|
| 952 |
f |
f |
|p Can circulate
|a CAVAL
|b CAVAL
|c CAVAL
|d CARM 1 Store
|e E02358
|f A3:AR12E0
|h Other scheme
|i book
|m 0494022
|